Zámky v Zlínském kraji - Statistics

General Stats
  • This quiz has been taken 36 times
  • The average score is 10 of 17
Answer Stats
Okres Sloh Typ expozice # Objekt % Correct
Kroměříž baroko prohlídkový okruh, muzeum K Arcibiskupský zámek Kroměříž
83%
Uherské Hradiště baroko prohlídkový okruh B Buchlovice
83%
Vsetín muzeum V Vsetín
83%
Zlín baroko prohlídkový okruh V Vizovice
74%
Kroměříž renesance prohlídkový okruh, výstavy CH Chropyně
70%
Vsetín baroko, klasicismus prohlídkový okruh L Lešná
70%
Zlín romantismus prohlídkový okruh L Lešná
70%
Uherské Hradiště muzeum U Uherský Brod
65%
Uherské Hradiště novogotika prohlídkový okruh N Nový Světlov
61%
Kroměříž baroko prohlídkový okruh H Holešov
57%
Vsetín baroko, renesance prohlídkový okruh, výstavy V Valašské Meziříčí/Žerotínů
57%
Zlín klasicismus prohlídkový okruh N Napajedla
52%
Kroměříž baroko muzeum B Bystřice pod Hostýnem
48%
Uherské Hradiště renesance prohlídkový okruh, výstavy U Uherský Ostroh
48%
Kroměříž baroko částečně Z Zdounky
30%
Vsetín klasicismus, empír muzeum K Krásno nad Bečvou/Kinských
26%
Kroměříž příležitostně Z Zborovice
9%
No matching quizzes found
Score Distribution
Percent of People with Each Score
Percentile by Number Answered
Your Score History
You have not taken this quiz